Temples of North India (Record no. 3816)

000 -LEADER
fixed length control field 00463nam a22001457a 4500
008 - FIXED-LENGTH DATA ELEMENTS--GENERAL INFORMATION
fixed length control field 200702b ||||| |||| 00| 0 eng d
082 00 - DEWEY DECIMAL CLASSIFICATION NUMBER
Classification number 726.1
Item number M712
110 ## - MAIN ENTRY--CORPORATE NAME
9 (RLIN) 1726
Corporate name or jurisdiction name as entry element Ministry of information and Broad Casting, India.
245 10 - TITLE STATEMENT
Title Temples of North India
260 ## - PUBLICATION, DISTRIBUTION, ETC. (IMPRINT)
Place of publication, distribution, etc Delhi
Name of publisher, distributor, etc Ministry of information and Broad Casting
Date of publication, distribution, etc 1959
300 ## - PHYSICAL DESCRIPTION
Extent 150p.
365 ## - TRADE PRICE
Unit of pricing 1.50
650 #0 - SUBJECT ADDED ENTRY--TOPICAL TERM
Topical term or geographic name as entry element Hindu Temples
942 ## - ADDED ENTRY ELEMENTS (KOHA)
Item type Books
Holdings
Withdrawn status Lost status Source of classification or shelving scheme Damaged status Not for loan Permanent location Current location Date acquired Full call number Barcode Date last seen Koha item type
          IMU Kolkata IMU Kolkata 1961-12-04 726.1 M712 02618 2020-07-02 Books
Designed and Maintained by IMU-KC Library, Kolkata Campus © Copyright All Rights Reserved

webs counters

Powered by Koha